|
|
|
|
| LEADER |
01397nam a2200337 a 4500 |
| 001 |
EBC3012423 |
| 003 |
MiAaPQ |
| 005 |
20200520144314.0 |
| 006 |
m o d | |
| 007 |
cr cn||||||||| |
| 008 |
130729s2013 sz ad sb 000 0 spa d |
| 020 |
|
|
|z 9789223273842
|
| 020 |
|
|
|a 9789223273859 (electronic bk.)
|
| 035 |
|
|
|a (MiAaPQ)EBC3012423
|
| 035 |
|
|
|a (Au-PeEL)EBL3012423
|
| 035 |
|
|
|a (CaPaEBR)ebr10734902
|
| 035 |
|
|
|a (OCoLC)923638595
|
| 040 |
|
|
|a MiAaPQ
|c MiAaPQ
|d MiAaPQ
|
| 050 |
|
4 |
|a HC79.E5
|b O74 2013
|
| 110 |
2 |
|
|a Organizacion Internacional del Trabajo.
|b Oficina de Actividades para Empleadores ACT/EMP.
|b Oficina Regional para America Latina y el Caribe.
|
| 245 |
1 |
3 |
|a El desafio de la promocion de empresas sostenibles en America Latina y el Caribe
|h [electronic resource] :
|b un analisis regional comparativo.
|
| 250 |
|
|
|a 1. ed.
|
| 260 |
|
|
|a Geneve :
|b Oficina Intercacional del Trabajo,
|c 2013.
|
| 300 |
|
|
|a p. 5-104 :
|b ill.
|
| 504 |
|
|
|a Includes bibliographical references.
|
| 533 |
|
|
|a Electronic reproduction. Ann Arbor, MI : ProQuest, 2015. Available via World Wide Web. Access may be limited to ProQuest affiliated libraries.
|
| 650 |
|
0 |
|a Sustainable development.
|
| 650 |
|
0 |
|a Economic history.
|
| 655 |
|
4 |
|a Electronic books.
|
| 710 |
2 |
|
|a ProQuest (Firm)
|
| 856 |
4 |
0 |
|u https://ebookcentral.proquest.com/lib/matrademy/detail.action?docID=3012423
|z Click to View
|